| 000 | 00526nam a22001697a 4500 | ||
|---|---|---|---|
| 005 | 20231123100750.0 | ||
| 008 | 231123b |||||||| |||| 00| 0 eng d | ||
| 020 | _a9780409023886 | ||
| 041 | _aEnglish | ||
| 082 | _a342 BEK | ||
| 100 |
_aBekink, B _lEnglish |
||
| 245 |
_aPrinciples of South African Constitutional Law / _cB Bekink |
||
| 260 |
_aDurban : _bLexisNexis (Pty) Ltd, _c2012 |
||
| 300 |
_bxxviii, 649 pages ; _c25 cm. _eCD |
||
| 650 |
_aLegal practice _bLaw |
||
| 942 |
_cBK _6ALISON_BN_VRIES |
||
| 999 |
_c883 _d883 |
||